MARC

LEADER 00000nam0a2200000 4500
001 34875
005 20231101210250.0
035 |a (RuTPU)RU\TPU\book\35287 
035 |a BOOK00001939 
090 |a 34875 
100 |a 20011210d1980 m y0rusy50 ca 
101 0 |a rus 
102 |a RU 
105 |a y j 000zy 
200 1 |a Математическое программирование  |e учебное пособие  |f Ю. Н. Кузнецов, В. И. Кузубов, А. Б. Волощенко 
205 |a 2-е изд., перераб. и доп. 
210 |a Москва  |c Высшая школа  |d 1980 
215 |a 302 с. 
606 |a Математическое программирование  |x (математика)  |2 stltpush  |3 (RuTPU)RU\TPU\subj\41243  |9 61049 
610 1 |a математика 
610 1 |a оптимизация 
610 1 |a линейное программирование 
610 1 |a нелинейное программирование 
610 1 |a динамическое программирование 
610 1 |a теория 
610 1 |a упражнения 
610 1 |a задачи 
610 1 |a учебные пособия 
675 |a 519.85(075.8)  |v 3 
700 1 |a Кузнецов  |b Ю. Н.  |g Юрий Николаевич 
701 1 |a Кузубов  |b В. И.  |g Владимир Илларионович 
701 1 |a Волощенко  |b А. Б.  |g Анатолий Борисович 
801 0 |a RU  |b 63413507  |c 20011210  |g PSBO 
801 2 |a RU  |b 63413507  |c 20201203  |g PSBO 
900 |a Методы оптимизации 
942 |c BK